|
|
|
|
| LEADER |
00000nam0a2200000 4500 |
| 001 |
311822 |
| 005 |
20231102002425.0 |
| 020 |
|
|
|a RU
|b 81-61902ж
|
| 035 |
|
|
|a (RuTPU)RU\TPU\book\337187
|
| 090 |
|
|
|a 311822
|
| 100 |
|
|
|a 20151212a1981 km y0rusy5003 ca
|
| 101 |
0 |
|
|a rus
|
| 102 |
|
|
|a RU
|
| 105 |
|
|
|a a z 001zy
|
| 200 |
1 |
|
|a Теория и методы управления производственными системами
|e сборник статей
|f Ленинградский политехнический институт им. М. И. Калинина (ЛПИ) ; под ред. К. П. Селезнева
|
| 210 |
|
|
|a Ленинград
|c Изд-во ЛПИ
|d 1981
|
| 215 |
|
|
|a 125 с.
|c ил.
|
| 225 |
1 |
|
|a Труды ЛПИ
|v № 376
|
| 320 |
|
|
|a Библиогр. в конце ст.
|
| 606 |
1 |
|
|a Промышленные предприятия
|x Управление
|x Моделирование
|2 stltpush
|3 (RuTPU)RU\TPU\subj\52702
|9 71105
|
| 610 |
1 |
|
|a производственные системы
|
| 610 |
1 |
|
|a сложные системы
|
| 610 |
1 |
|
|a планирование
|
| 610 |
1 |
|
|a организационные структуры
|
| 610 |
1 |
|
|a программно-целевое управление
|
| 610 |
1 |
|
|a программно-целевые методы
|
| 610 |
1 |
|
|a технический уровень
|
| 610 |
1 |
|
|a прогнозирование
|
| 610 |
1 |
|
|a математические методы
|
| 610 |
1 |
|
|a ЭВМ
|
| 610 |
1 |
|
|a применение
|
| 610 |
1 |
|
|a экономическая эффективность
|
| 610 |
1 |
|
|a качество
|
| 675 |
|
|
|a 658.012
|z rus
|v 3
|
| 702 |
|
1 |
|a Селезнев
|b К. П.
|g Константин Павлович
|4 340
|
| 712 |
0 |
2 |
|a Ленинградский политехнический институт им. М. И. Калинина (ЛПИ)
|c (1924-1930, 1940-1990)
|2 stltpush
|3 (RuTPU)RU\TPU\col\2601
|
| 801 |
|
0 |
|a RU
|b RuMRKP
|c 19950704
|g psbo
|
| 801 |
|
1 |
|a RU
|b 63413507
|c 20151212
|
| 801 |
|
2 |
|a RU
|b 63413507
|c 20191107
|g RCR
|
| 942 |
|
|
|c BK
|